| 000 -LEADER |
| fixed length control field |
01033nam a2200301Ia 4500 |
| 020 ## - INTERNATIONAL STANDARD BOOK NUMBER |
| ISBN |
9789251058954 |
| 020 ## - INTERNATIONAL STANDARD BOOK NUMBER |
| ISBN |
9251058954 |
| 040 ## - CATALOGING SOURCE |
| Transcribing agency |
WAU |
| 082 ## - DEWEY DECIMAL CLASSIFICATION NUMBER |
| Classification number |
639 FOO 2007 A090 Or. |
| 245 00 - TITLE STATEMENT |
| Title |
Assessment of freshwater fish seed resources for sustainable aquaculture / |
| 260 ## - PUBLICATION, DISTRIBUTION, ETC. (IMPRINT) |
| Place of publication |
Rome : |
| Name of publisher |
Food and Agriculture Organization of the United Nations, |
| Year of publication |
2007 |
| 300 ## - PHYSICAL DESCRIPTION |
| Number of Pages |
xxxvii, 628 p. : |
| Other physical details |
ill. (chiefly col.), maps (chiefly col.) ; |
| Dimensions |
30 cm |
| 490 1# - SERIES STATEMENT |
| Series statement |
FAO fisheries technical paper, |
| 500 ## - GENERAL NOTE |
| General note |
Proceedings held in Wuxi, China, from March 23-26, 2006 |
| 650 #0 - SUBJECT ADDED ENTRY--TOPICAL TERM |
| Topical Term |
Fishery resources |
| 650 #0 - SUBJECT ADDED ENTRY--TOPICAL TERM |
| Topical Term |
Hatchery fishes |
| 650 #0 - SUBJECT ADDED ENTRY--TOPICAL TERM |
| Topical Term |
Hatchery fishes |
| 650 #0 - SUBJECT ADDED ENTRY--TOPICAL TERM |
| Topical Term |
Sustainable aquaculture |
| 650 #0 - SUBJECT ADDED ENTRY--TOPICAL TERM |
| Topical Term |
Fishery resources |
| 650 #0 - SUBJECT ADDED ENTRY--TOPICAL TERM |
| Topical Term |
Hatchery fishes |
| 650 #0 - SUBJECT ADDED ENTRY--TOPICAL TERM |
| Topical Term |
Hatchery fishes |
| 650 #0 - SUBJECT ADDED ENTRY--TOPICAL TERM |
| Topical Term |
Sustainable aquaculture |
| 650 #0 - SUBJECT ADDED ENTRY--TOPICAL TERM |
| Topical Term |
Fishery resources |
| 650 #0 - SUBJECT ADDED ENTRY--TOPICAL TERM |
| Topical Term |
Sustainable aquaculture |
| 700 1# - ADDED ENTRY--PERSONAL NAME |
| Personal name |
Bondad-Reantaso, Melba G |
| 710 2# - ADDED ENTRY--CORPORATE NAME |
| Corporate name or jurisdiction name as entry element |
Food and Agriculture Organization of the United Nations |
| 942 ## - ADDED ENTRY ELEMENTS (KOHA) |
| Koha item type |
សៀវភៅភាសាអង់គ្លេស |
| 952 ## - LOCATION AND ITEM INFORMATION (KOHA) |
| Withdrawn status [LOCAL, KOHA] |
0 |